000 00662nam a2200229 i 4500
001 175524
003 ES-MaACL
005 20250824201130.0
007 t|
008 101103s1980 sp o r ||||1| spa d
020 _a84-85551-17-6
080 _a821.134.2-1"19"
100 1 _aCabra de Luna, José Manuel.
_933247
245 1 0 _aVuelos /
_cJosé Manuel Cabra de Luna.
250 _a1ª ed.
260 _aGranada :
_bAntonio Ubago,
_c1980.
300 _a62 p. :
_bil. ;
_c21 cm.
490 1 _aÁnade. Libros de poesía ;
_v10
830 0 0 _aÁnade.
_pLibros de poesía
_v10
_9189790
852 _aES-MaACL
_jE-13420
_xOlim P-330
999 _c175524
_d175524